000 00913ngm a2200241 a 4500
005 20220317001155.0
008 160825s1995 ck g 000 0 spa
082 0 4 _a630.1
_bH63g
110 2 _aHogares Juveniles Campesinos
_92547
245 1 0 _aGranja integral autosuficiente
_cHogares Juveniles Campesinos
_hvideograbación
250 _a1a. edición
300 _a1 videocasete en VHS (23 minutos)
_bsonido,color
_c20 cm
490 _aVideoteca del campo
_pgranja Integral autosuficiente
650 1 4 _2LEMB
_aAgricultura
_vVideocasetes
650 1 4 _2LEMB
_aAdministración de granjas
_vVideocasetes
650 1 4 _2LEMB
_aGranjas familiares
_vVideocasetes
942 _2ddc
_cVIDEOCASET
264 _aBogotá
_bHogares Juveniles Campesinos
_c1995
336 _atexto
_btxt
_2rdacontent
337 _asin mediación
_bn
_2rdamedia
338 _avolumen
_bnc
_2rdacarrier
040 _aCO-BoRNBP
_bspa
_erda
_cCO-BoRNBP
999 _c6147
_d6147